<?xml version="1.0" encoding="UTF-8"?>
<record
    xmlns:xsi="http://www.w3.org/2001/XMLSchema-instance"
    xsi:schemaLocation="http://www.loc.gov/MARC21/slim http://www.loc.gov/standards/marcxml/schema/MARC21slim.xsd"
    xmlns="http://www.loc.gov/MARC21/slim">

  <leader>00873caa a22002177a 4500</leader>
  <controlfield tag="003">BI-BuBU</controlfield>
  <controlfield tag="008">140314s2006    bd ||||| |||| 00| 0 fre d</controlfield>
  <datafield tag="039" ind1=" " ind2=" ">
    <subfield code="a">20140318102251.0</subfield>
    <subfield code="b">Verhasselt</subfield>
  </datafield>
  <datafield tag="040" ind1=" " ind2=" ">
    <subfield code="a">BI-BuBU</subfield>
    <subfield code="b">fre</subfield>
    <subfield code="c">BI-BuBU</subfield>
  </datafield>
  <datafield tag="080" ind1="0" ind2=" ">
    <subfield code="a">517.94</subfield>
  </datafield>
  <datafield tag="100" ind1="1" ind2=" ">
    <subfield code="4">aut</subfield>
    <subfield code="a">Niyongere, Jos&#xE9;lyne</subfield>
  </datafield>
  <datafield tag="245" ind1="1" ind2="0">
    <subfield code="a">Equation aux q-diff&#xE9;rences lin&#xE9;aires du second ordre</subfield>
    <subfield code="c">Jos&#xE9;lyne Niyongere</subfield>
  </datafield>
  <datafield tag="260" ind1=" " ind2=" ">
    <subfield code="a">Bujumbura</subfield>
    <subfield code="b">Universit&#xE9; du Burundi, Facult&#xE9; des Sciences, D&#xE9;partement de Math&#xE9;matiques</subfield>
    <subfield code="c">2006</subfield>
  </datafield>
  <datafield tag="300" ind1=" " ind2=" ">
    <subfield code="a">63 f.</subfield>
    <subfield code="c">30 cm.</subfield>
  </datafield>
  <datafield tag="502" ind1=" " ind2=" ">
    <subfield code="a">M&#xE9;moire pr&#xE9;sent&#xE9; et soutenu publiquement en vue de l'obtention du grade de Licenci&#xE9; en Sciences Math&#xE9;matiques</subfield>
  </datafield>
  <datafield tag="650" ind1=" " ind2="7">
    <subfield code="a">Equation diff&#xE9;rentielle lin&#xE9;aire</subfield>
  </datafield>
  <datafield tag="650" ind1=" " ind2="7">
    <subfield code="a">CUD. DataWinIsis. Verhasselt</subfield>
  </datafield>
  <datafield tag="942" ind1=" " ind2=" ">
    <subfield code="c">MEM</subfield>
  </datafield>
  <datafield tag="999" ind1=" " ind2=" ">
    <subfield code="c">25059</subfield>
    <subfield code="d">25059</subfield>
  </datafield>
  <datafield tag="952" ind1=" " ind2=" ">
    <subfield code="0">0</subfield>
    <subfield code="1">0</subfield>
    <subfield code="2">udc</subfield>
    <subfield code="4">0</subfield>
    <subfield code="7">1</subfield>
    <subfield code="9">37450</subfield>
    <subfield code="a">BC</subfield>
    <subfield code="b">BC</subfield>
    <subfield code="d">2014-03-25</subfield>
    <subfield code="e">Don de l'auteur</subfield>
    <subfield code="l">0</subfield>
    <subfield code="o">R.517.94.NIY.</subfield>
    <subfield code="p">5010000728809</subfield>
    <subfield code="r">2014-03-25</subfield>
    <subfield code="t">1</subfield>
    <subfield code="w">2014-03-25</subfield>
    <subfield code="y">MEM</subfield>
    <subfield code="i">196913</subfield>
  </datafield>
</record>
